Responses for Show #3824 - Thursday, March 29, 2001

Bob Fleenor game 2.

Contestants

[<< previous game]

Nancy Goldstone, an academic specialist from Brookline, Massachusetts

Paul Kalomiris, a legislative director from Germantown, Maryland

Bob Fleenor, a newspaper copy editor from Martinsburg, West Virginia (whose 1-day cash winnings total $12,400)

[next game >>]

Jeopardy! Round responses

LESSER-KNOWN BIBLICAL FOLK
ON THE $1 BILL
(Alex: No, you can't pull one out right now!)
ALBUMS
JOHN GRISHAM'S LAW BOOKS
"OR"
COKE'S NON-SECRET INGREDIENTS
    $100 26
(P: What is Babylon?)

Jericho

BobPaul
    $100 1
Treasury

Bob
    $100 6
Elvis Presley

Paul
    $100 11
The Pelican Brief

Bob
    $100 12
Trick or treat

Paul
    $100 17
Carbonated water

Nancy
    $200 27
(P: What are ships?)

Chariots

BobPaul
    $200 2
2

Paul
    $200 7
Abbey Road

Paul
    $200 22
The Firm

Bob
    $200 13
"To be or not to be"

Paul
    $200 18
Fructose

Bob
    $300 28
David

Bob
    $300 3
1776

Bob
    $300 8
Jagged Little Pill

Paul
    $300 23
The Client

Nancy
    $300 14
Dead or alive

Nancy
    $300 19
Acid

Paul
    $400 29
Partridge

Paul
    $400 4
Gilbert Stuart

Bob
    $800 9
Quadrophenia

Paul
    $400 24
The Jury

Paul
    $400 15
Paper or plastic?

Nancy
    $400 20
Caffeine

Bob
    $500 30
(N: Who is David?)

Saul

BobNancy
    $500 5
Public & private

Bob
    $500 10
Boyz II Men

Paul
    $500 25
The Testament

Paul
    $500 16
Glen or Glenda

Bob
    $500 21
Aspartame

Paul

Scores at the first commercial break (after clue 16):

Bob Paul Nancy
$1,900 $2,400 $700

Scores at the end of the Jeopardy! Round:

Bob Paul Nancy
$3,800 $4,200 $600

Double Jeopardy! Round responses

AMERICA AT WAR
TV TITLE ROLES
FAMOUS UKRAINIANS
OPEN THE GATE!
BELOW THE WAIST
ANIMAL WORDS & PHRASES
    $200 6
Doughboy

Bob
    $200 1
Angel

Paul
    $200 26
Joseph Stalin

Bob
    $200 11
Bill Gates

Nancy
    $200 21
Achilles tendon

Nancy
    $200 16
(N: What is a buck?)

Stallion

Nancy
Triple Stumper
    $400 7
Spanish-American War

Paul
    $400 2
Fish

Paul
    $400 27
Cossacks

Bob
    $400 12
Golden Gate

Bob
    $400 22
Plantar

Triple Stumper
    $400 17
A mule

Nancy
    $600 8
The Korean War

Bob
    $600 3
Nash Bridges

Bob
    $600 28
(N: What is Anton?)

Leonid

Nancy
Triple Stumper
    $600 13
Bombay (Mumbai)

Triple Stumper
    $600 23
Coccyx

Nancy
    $600 18
Oyster

Paul
    $1,500 9
Bonhomme Richard

Bob
    $800 4
Webster

Bob
    $800 29
Vaslav Nijinsky

Triple Stumper
    $2,000 14
(B: What is "The Gates of Turin?")

"The Gates of Hell"

Bob
    $800 24
(P: What are the fibia & tibia?)

Tibia & fibula

BobPaul
    $800 19
Cats

Triple Stumper
    $1000 10
Zachary Taylor

Bob
    $1000 5
Max Headroom

Bob
    $1000 30
Nikolai Gogol

Triple Stumper
    $1000 15
Janus

Bob
    $1000 25
Femoral artery

Triple Stumper
    $1000 20
Mullet

Triple Stumper

Scores at the end of the Double Jeopardy! Round:

Bob Paul Nancy
$10,300 $5,000 $1,200
(lock game)

[wagering suggestions for these scores]

Final Jeopardy! Round responses

BORN IN THE 1960s
(Alex: Bob, your wife may not have to work another day!)
NancyWho is Mia Farrow?
$1,000
PaulWho is Tatum O'Neal?
$0
BobWho Tatum [O'Neal] O'Neil?
$200
Tatum O'Neal (for Paper Moon)

Final scores:

Bob Paul Nancy
$10,500 $5,000 $200
2-day champion: $22,900 2nd place: Trip to the Resort at Squaw Creek, Squaw Valley, California 3rd place: Panasonic Mini Digital Camcorder

Game dynamics:

Coryat scores:

Bob Paul Nancy
$11,600 $4,600 $1,200
25 R
(including 1 DD),
1 W
(including 1 DD)
17 R
(including 1 DD),
3 W
8 R,
3 W

Combined Coryat: $17,400

[game clues] [game scores] [suggest correction]

Game tape date: 2000-12-12
The J! Archive is created by fans, for fans. Scraping, republication, monetization, and malicious use prohibited; this site may use cookies and collect identifying information. See terms. The Jeopardy! game show and all elements thereof, including but not limited to copyright and trademark thereto, are the property of Jeopardy Productions, Inc. and are protected under law. This website is not affiliated with, sponsored by, or operated by Jeopardy Productions, Inc. Join the discussion at JBoard.tv.